00944nam a22002777a 450000100040000000500170000402000200002102000150004102000200005604000250007605000230010108200150012410000230013924500960016225000120025826000410027030000470031150500060035852001530036452100210051765000410053865000200057965000200059965000140061970000330063345120240105090741.0 a0439096960 (hc) a0439096979 a0439096979 (pb) aDLCcDLCdDLCdFISKH00aQL122.2b.R66 200000a591.772211 aRose, Deborah Lee.10aInto the A, B, sea :ban ocean alphabet /cby Deborah Lee Rose ; pictures by Steve Jenkins. a1st ed. aNew York :bScholastic Press,c2000. a20 leaves of plates :bcol. ill. ;c29 cm. aF aAn alphabet book featuring twenty-six animals found in the ocean and including endnotes giving additional details about each of these sea creatures. a400 bLexile AD 0aMarine animalsvJuvenile literature. 0aAlphabet books. 1aMarine animals. 1aAlphabet.1 aJenkins, Steve,d1952-eill.